| 000 | 00588nam a22001577a 4500 | ||
|---|---|---|---|
| 003 | OSt | ||
| 005 | 20151008143746.0 | ||
| 008 | 151008b xxu||||| |||| 00| 0 eng d | ||
| 040 | _cRUA | ||
| 082 | _aAVM NOR 2008 B084 Or.1 | ||
| 100 |
_92363 _aNOR SENGKEAV |
||
| 245 | _aCattle raisng for draugt power at chhlong district kratie province, (ការចិញ្ចឹមគោជាកំលាំងអូសទាញ នៅស្រុកឆ្លូង ខេត្តក្រចេះ) | ||
| 260 |
_apnhom penh _brua _c2008 |
||
| 300 |
_ax, 47p. _bill. _c29cm. |
||
| 942 |
_2ddc _cAVM |
||
| 999 |
_c2225 _d2225 |
||